Late 2000s/Early 2010s Internet Culture - Statistics

General Stats
  • This quiz has been taken 190 times
  • The average score is 9 of 16
Answer Stats
Picture Hint Answer % Correct
Video Sharing Platform YouTube
99%
Youtuber PewDiePie
80%
Video Game Club Penguin
71%
YouTube Duo Smosh
70%
Song Gangnam Style
68%
Meme Doge
66%
Meme Nyan Cat
63%
Song Somebody That I Used To Know
57%
First YouTube Video Me At The Zoo
54%
Song The Duck Song
52%
Song Party Rock Anthem
47%
Video Game Wii Sports Resort
47%
Video Game Run
38%
Meme Bad Luck Brian
31%
Meme Rage Comic
20%
Video Game U.B. Funkeys
2%
No matching quizzes found
Score Distribution
Percent of People with Each Score
Percentile by Number Answered
Your Score History
You have not taken this quiz